[Event "Winnipeg Anderson Memorial"]
[Site "Winnipeg"]
[Date "2008.09.21"]
[Round "1"]
[White "Klusa, Lawrence"]
[Black "Rutter, Blair A"]
[Result "0-1"]
[WhiteElo "1354"]
[BlackElo "1858"]
[PlyCount "64"]
[EventDate "2008.09.21"]
[EventType "swiss"]
[EventRounds "5"]
[EventCountry "CAN"]
[SourceTitle "EXT 2011"]
[Source "ChessBase"]
[SourceDate "2010.11.26"]
[SourceVersion "1"]
[SourceVersionDate "2010.11.26"]
[SourceQuality "1"]

1. d4 a6 2. g3 e6 3. Bg2 d5 4. Nf3 Nf6 5. Bg5 c5 6. Nc3 Nc6 7. a3 Bd7 8. Ne5 cxd4 9. Nxd7 Qxd7 10. Bxf6 gxf6 11. Na4 Qc7 12. 0-0 Bd6 13. b4 b5 14. Nb2 Ke7 15. Qd3 h5 16. Rfe1 h4 17. e4 dxe3 18. Rxe3 hxg3 19. fxg3 Ne5 20. Qd4 Qxc2 21. Rf1 Rac8 22. Nd3 Qc4 23. Qxc4 Rxc4 24. Nxe5 Bxe5 25. Rd3 Rc3 26. Rxc3 Bxc3 27. Rc1 d4 28. Bb7 e5 29. Bxa6 Ra8 30. Bxb5 Rxa3 31. h4 Rb3 32. Rd1 Rxb4 0-1

[Event "Winnipeg TNT April op"]
[Site "Winnipeg"]
[Date "2008.04.08"]
[Round "2"]
[White "Gibson, Kris"]
[Black "Klusa, Lawrence"]
[Result "1-0"]
[WhiteElo "1852"]
[BlackElo "1291"]
[PlyCount "35"]
[EventDate "2008.01.04"]
[EventType "swiss"]
[EventRounds "5"]
[EventCountry "CAN"]
[SourceTitle "EXT 2011"]
[Source "ChessBase"]
[SourceDate "2010.11.26"]
[SourceVersion "1"]
[SourceVersionDate "2010.11.26"]
[SourceQuality "1"]

1. e4 d6 2. d4 g6 3. f4 Bg7 4. h3 e5 5. Nf3 b6 6. Bc4 exd4 7. c3 Qe7 8. 0-0 Nh6 9. f5 0-0 10. Bg5 Qxe4 11. f6 Bxf6 12. Nbd2 Qf5 13. Bxh6 Re8 14. Bxf7+ Kh8 15. Bxe8 dxc3 16. Ng5 Qc5+ 17. Kh1 Bxg5 18. Rf8# 1-0